Iconoclast : (Record no. 749091)

MARC details
000 -LEADER
fixed length control field 02037cam a22001815i 4500
020 ## - INTERNATIONAL STANDARD BOOK NUMBER
ISBN 0670093882
020 ## - INTERNATIONAL STANDARD BOOK NUMBER
ISBN 9780670093885
082 04 - DEWEY DECIMAL CLASSIFICATION NUMBER
Classification number 954.040 92 TEL/R
Edition number 23/eng/20241031
100 1# - MAIN ENTRY--AUTHOR NAME
Personal name Teltumbde, Anand,
245 10 - TITLE STATEMENT
Title Iconoclast :
Sub Title a reflective biography of Dr Babasaheb Ambedkar /
Statement of responsibility, etc by Anand Teltumbde.
260 ## - PUBLICATION, DISTRIBUTION, ETC. (IMPRINT)
Place of publication . - Haryana
Name of publisher : Penguin Random House Pvt.Ltd.
300 ## - PHYSICAL DESCRIPTION
Number of Pages xliv, 676 pages :
Other physical details illustrations ;
504 ## - BIBLIOGRAPHY, ETC. NOTE
Bibliography, etc Includes bibliographical references and index.
520 ## - SUMMARY, ETC.
Summary, etc "In Iconoclast, Dr Anand Teltumbde, a distinguished public intellectual and leading authority on the Dalit movement, presents a groundbreaking biography of Dr B.R. Ambedkar. Far from the embellished narratives often associated with his legacy, Teltumbde strips away the layers of myth and hyperbole to reveal the man behind the legend. With meticulous research and intellectual honesty, Teltumbde delves into the life of Ambedkar, situating him within the dynamic context of his time. He explores the complexities of Ambedkar's persona, offering a nuanced portrait that challenges conventional perceptions. Rich with poignant photographs, this biography paints a vivid picture of Ambedkar as a visionary and as a human, and above all as an iconoclast driven by a relentless pursuit of social justice and equality. From his tireless advocacy for the Dalit community to his visionary ideals of liberty, equality and fraternity, Ambedkar's legacy reverberates through the ages, inspiring generations to strive for a more just society. With incisive analysis and a deep understanding of Ambedkar's philosophy, Teltumbde extends the narrative beyond the confines of history, examining Ambedkar's enduring impact on contemporary India. Iconoclast is a masterful tribute to a towering figure in modern history, offering profound insights into the epic struggle for social emancipation and the quest for a truly inclusive society." --
650 #0 - SUBJECT ADDED ENTRY--TOPICAL TERM
Topical Term Statesmen
Geographic subdivision India
Form subdivision Biography.
650 #6 - SUBJECT ADDED ENTRY--TOPICAL TERM
Topical Term Hommes d'État
Geographic subdivision Inde
Form subdivision Biographies.
942 ## - ADDED ENTRY ELEMENTS (KOHA)
Source of classification or shelving scheme Dewey Decimal Classification
Koha item type Book
Holdings
Withdrawn status Lost status Source of classification or shelving scheme Damaged status Not for loan Home Library Current Location Date acquired Full call number Accession Number Price effective from Koha item type
    Dewey Decimal Classification     Dept. of Political Science Dept. of Political Science 05/02/2025 954.040 92 TEL/R POL23728 27/05/2025 Book